000 00449nam a2200181Ia 4500
008 240925s9999 xx 000 0 und d
020 _a71129200
082 _a621.3815 BOG
100 _aBogart ,Theodore F.
245 0 _aElectric Circuits
250 _a2nd
260 _aNew York:
_bMcGraw-Hill
_c,1992.
300 _a302p.
_bNa
_fOriginal
500 _aIncludes Index
600 _aElectrical Engineering
650 _aTechnology
942 _cBK
999 _c3266
_d3266